00705nam a2200241Ia 4500008004100000020001600041100001700057245002800074245005200102260001500154260002000169260000900189300002700198300002700225300001100252440002500263440001700288650001500305650002500320700000800345999001900353952009100372160803s9999 xx 000 0 und d a0 394874714 aCole, Joanna aHungry, hungry sharks / cby Joanna Cole ; illustrated by Patricia Wynne. aNew York : bScholastic Inc. c1986 a52 unnumbered pages :  bcolor illustrations ;  c23 cm. aStep into reading.,  vStep 2 book. aSharks --  xJuvenile literature. a410 c298969d298969 001040aSSISBbSSISBcLEXd2016-08-03l0pSC-895r2016-08-03 00:00:00w2016-08-03yBK